| 000 | 01585nam a2200457 i 4500 | ||
|---|---|---|---|
| 001 | 4610 | ||
| 003 | KOSZ 005 | ||
| 005 | 20210303084040.0 | ||
| 008 | 011029s1976 pl a f f |001 0 pol | ||
| 015 | _aPB 1977/4747 | ||
| 035 | _a(OCoLC)749548953 | ||
| 040 |
_aWA N _cWA N _dKOSZ 005/HR |
||
| 041 | 1 |
_apol _hger |
|
| 046 | _k1976 | ||
| 080 | _a697 | ||
| 080 | _a628.8 | ||
| 080 | _a(083.1) | ||
| 100 | 1 |
_aRecknagel, Hermann _d(1868-1919) _eAutor |
|
| 245 | 1 | 0 |
_aOgrzewanie i klimatyzacja : _bporadnik / _cHermann Recknagel, Eberhard Sprenger ; koordynator tł. Marian Rubik ; [tł. z niem. Wiktor Hibner et al.]. |
| 246 | 1 |
_iTyt. oryg.: _aTaschenbuch für Heizung und Klimatechnik, _f1972. |
|
| 260 |
_aWarszawa : _b"Arkady", _c1976. |
||
| 300 |
_a1443 s., [3] k. tabl. : _b1590 il., 352 tab., wykr., err. ; _c22 cm. |
||
| 380 | _aKsiążki | ||
| 388 | _a1901-2000 | ||
| 504 | _aIndeks. | ||
| 650 | 4 | _aOgrzewanie | |
| 650 | 4 | _aKlimatyzacja | |
| 650 | 4 | _aWentylacja | |
| 650 | 4 | _aWoda ogrzewana | |
| 650 | 4 | _aTechnika sanitarna | |
| 650 | 4 | _aTermodynamika techniczna | |
| 650 | 4 | _aInstalacje | |
| 655 | 4 | _aPoradnik | |
| 658 | _aInżynieria i technika | ||
| 700 | 1 |
_aHibner, Wiktor. _eTłumaczenie |
|
| 700 | 1 |
_aRubik, Marian _eTłumaczenie |
|
| 700 | 1 |
_aSprenger, Eberhard _d(1904-1989) _eAutor |
|
| 710 | 2 |
_aWydawnictwo Arkady _4pbl. |
|
| 856 |
_uhttp://koha.tu.koszalin.pl/cgi-bin/koha/opac-detail.pl?biblionumber=4610 _yKatalog online BPK |
||
| 942 |
_2UKD _cKS |
||
| 999 |
_c4610 _d4610 |
||